Basic electronics engineering / (Record no. 16353)

MARC details
000 -LEADER
fixed length control field 00810nam a22002297a 4500
005 - DATE AND TIME OF LATEST TRANSACTION
control field 20080925094931.0
008 - FIXED-LENGTH DATA ELEMENTS--GENERAL INFORMATION
fixed length control field 080715s2008 caua 001 0 eng d
010 ## - LCCN (DPL NO)
LC control number ENG-91205
020 ## - INTERNATIONAL STANDARD BOOK NUMBER
International Standard Book Number 0070669171
020 ## - INTERNATIONAL STANDARD BOOK NUMBER
International Standard Book Number 9780070669178
Terms of availability 230.00
035 ## - SYSTEM CONTROL NUMBER
System control number EN-74738
037 ## - SOURCE OF ACQUISITION
Source of stock number/acquisition DBAD / PUB
040 ## - CATALOGING SOURCE
Original cataloging agency dpl
Language of cataloging English
082 ## - DEWEY DECIMAL CLASSIFICATION NUMBER
Classification number 621.381
100 ## - MAIN ENTRY--PERSONAL NAME
Personal name Datta, Tirthankar
245 ## - TITLE STATEMENT
Title Basic electronics engineering /
Statement of responsibility, etc by Tirthankar Datta
260 ## - PUBLICATION, DISTRIBUTION, ETC. (IMPRINT)
Place of publication, distribution, etc New Delhi
Name of publisher, distributor, etc Tata McGraw-Hill Publishing
Date of publication, distribution, etc 2009
300 ## - PHYSICAL DESCRIPTION
Extent Various pagings
Dimensions 25cm (pbk)
650 ## - SUBJECT ADDED ENTRY--TOPICAL TERM
Topical term or geographic name as entry element Electronic engineering
942 ## - ADDED ENTRY ELEMENTS (KOHA)
Source of classification or shelving scheme Dewey Decimal Classification
Item type English Books
Classification part 621.381
Call number suffix DAT
Holdings
Withdrawn status Lost status Source of classification or shelving scheme Damaged status Not for loan Collection code Home library Current library Date acquired Cost, normal purchase price Total Checkouts Full call number Barcode Date last seen Copy number Cost, replacement price Koha item type
    Dewey Decimal Classification   Not For Loan Non-fiction D.B.Act.Division D.B.Act.Division 07/10/2008 230.00   621.381 DAT EN-74738 07/10/2008 1 230.00 English Books

© Delhi Public Library
Hit Counter
free hit counter